000 00298nam a2200121Ia 4500
008 190216s9999||||xx |||||||||||||| ||und||
100 _aAbdul Al Ala Maududi
245 0 _aMarananthara Jeevitham
260 _bIslamic Publishing House
_c2002
300 _a15
650 _aIslam Matham
942 _cBK
999 _c22082
_d22082